| 000 | 01183nam a2200289Ia 4500 | ||
|---|---|---|---|
| 001 | Z_6130 | ||
| 008 | 220601s9999 xx 000 0 und d | ||
| 020 | _a968-24-3222-7 | ||
| 082 | _a636.4 P67 1989 | ||
| 245 | _aPorcinos / Johan H. Koeslag; coautor A. Fernán Castellanos Echeverría ; colaborador Peter Lehner; revisión Johan D. Berlijn | ||
| 250 | _a2a ed. | ||
| 260 | _aMéxico : Trillas | ||
| 300 | _a110 p. | ||
| 440 |
_aManuales para educación agropecuaria. área producción animal; 5 _9138334 |
||
| 500 | _aBasado en el trabajo de Johan H. Koeslag. Este manaual ha sido elaborado dentro de un proyecto de cooperación técnica internacional de la DGETA, SEP, FAO Y PNUD | ||
| 503 | _aej.1 - ej.2: C/E | ||
| 504 | _aIncluye índice | ||
| 650 | _a1. Cerdos - Alimentación y alimentos | ||
| 650 | _aCerdos - Cría | ||
| 650 |
_aGanado porcino _945328 |
||
| 700 |
_aI.Koeslag, Johan H. \ II.Castellanos Echeverría, A. Fernán, coaut. \ III.Lehner, Peter, colab. \ IV.Berlijn, Johan D. rev.Ì _9177962 |
||
| 901 | _a636.4 P67 1989 | ||
| 902 | _aA | ||
| 905 | _a0000001989 mx an 0000000000spa00 | ||
| 942 | _c1 | ||
| 999 |
_c217004 _d217004 |
||